| 000 | 00954cam a22003015a 4500 | ||
|---|---|---|---|
| 001 | 010335821 | ||
| 003 | OSt | ||
| 005 | 20201128024226.0 | ||
| 008 | 031223s2004 enka frb 001 0 eng d | ||
| 020 | _a0273684329 | ||
| 020 | _a9780273684329 | ||
| 040 |
_aStDuBDS _beng _cStDuBDS _dUk _dEG-ScBUE |
||
| 082 | 0 | 4 |
_222 _a330 _bAPP |
| 245 | 0 | 0 |
_aApplied economics / _cedited by Alan Griffiths & Stuart Wall. |
| 250 | _a10th ed. | ||
| 260 |
_aHarlow : _bFinancial Times / Prentice Hall, _c2004. |
||
| 300 |
_axviii, 668 p. : _bill. ; _c25 cm. |
||
| 500 | _aPrevious ed.: 2001. | ||
| 504 | _aIncludes bibliographical references and index. | ||
| 650 | 7 |
_aEconomics. _2BUEsh _9720 |
|
| 650 | 7 |
_aMacroeconomics. _2BUEsh _91321 |
|
| 650 | 0 |
_aInternational economics. _2BUEsh |
|
| 651 | _2BUEsh | ||
| 653 |
_bGGEN _bBUSECO _cJanuary2018 |
||
| 700 | 1 |
_aGriffiths, Alan, _d1944- _eeditor. _932588 |
|
| 700 | 1 |
_aWall, Stuart, _d1946- _eeditor. _932589 |
|
| 942 | _2ddc | ||
| 999 |
_c26014 _d25986 |
||